000 00676nam a2200241 a 4500
001 BRCA_5411
005 20190320205050.0
008 101210s1913----fr-a######---#000-0#fre-#
041 _afre
044 _afr
050 4 _aND813
_b.M87 1913
245 1 0 _aMurillo
_bl´oeuvre du maitre.
260 _aParís
_bHachete
_c1913
300 _axx, 300 p.
_bil., 287 láminas
_c26 cm.
500 _aEdición con cantos dorados
500 _aIncluye listado cronológico de grabados
500 _aE133
504 _aBibliografía: p. [282]
600 1 4 _aMurillo, Bartolome Esteban
_d1617-1682
_913827
700 1 _aPintores españoles
_913828
902 _aGFM
942 _2lcc
_cB
999 _c5105
_d5105